Регионална библиотека "Любен Каравелов" - Русе

Вечно зеленото клонче (Запис номер 1528)

MARC детайли
000 -Лидер
Контролно поле с фиксирана дължина 01689nam a2200385 c 4500
003 - Код на организацията, давaща контролен номер
Контролно поле BLK
005 - Дата и час на последна редакция
Контролно поле 20240430095101.0
008 - Елементи от данни с фиксирана дължина
fixed length control field 180412b bul|||||r ||||||| ||bul||
010 ## - Наследен системен номер
LC control number KNG00002366000
040 ## - Източник на каталожния запис
Идентификатор на билиотеката - собственик на записа BLK
041 ## - Код за език
Код за езика на текст/звукозапис или на отделно заглавие Български
Код за езика КДБФ Български
080 ## - УДК
Текстов определител УДК Изобразителни изкуства и художествени занаяти
УДК код - определител по УДК 73/76
УДК определител (497.2)(091)
УДК - код + определител 73/76(497.2)(091)
080 ## - УДК
Текстов определител УДК Архитектура
УДК код - определител по УДК 72
УДК определител (497.2)(091)
УДК - код + определител 72(497.2)(091)
100 ## - Редна дума - Автор
Автор Тенев, Драган Димитров
R(LIN) 244374
139 ## - Редно поле
Редна дума Тенев, Драган
Авторски знак Тен - Т 48
245 10 - Сведения за заглавието
Заглавие Вечно зеленото клонче
Подзаглавни данни 7 разказа за бълг. изобраз. изкуство и архитектура
Редно поле (дума) Драган Димитров Тенев.
250 ## - Област на изданието
Сведения за изданието 2. прераб. изд.
257 ## - Страна на издаване
Страна на създаване/издаване България
260 ## - Област на издателските данни
-- София
Име на издателя, разпространителя и проч. Дамян Яков
Година на издаване 1994
Печатница Враца : Полипринт
300 ## - Физическа характеристика
Страници 368 с.
Илюстрации и др. с ил., 8 л. цв. ил., репрод.
Размери/Мащаб 20 см
380 ## - Жанр
Жанр Изкуство
500 ## - Общи забележки
Забележка 1. изд. 1979 на изд. Отечество. - 5 000 тир.
650 #4 - Допълнително описание по предмет – тема
Основно описание – тема или топоним Изобразително изкуство, българско - история
9 (RLIN) 244375
650 #4 - Допълнително описание по предмет – тема
Основно описание – тема или топоним Архитектура, българска - история
9 (RLIN) 244376
651 #4 - Допълнително описание по предмет - топоним
Географско понятие България
9 (RLIN) 241624
653 ## - Ключова дума – ненормативна
Ключова дума изобразително изкуство
653 ## - Ключова дума – ненормативна
Ключова дума архитектура
653 ## - Ключова дума – ненормативна
Ключова дума история на изкуството
852 ## - Местоположение
Форматна сигнатура Цб 179042
856 4# - Електронен адрес и достъп
Електронен формат pdf - файл
Път до файла /url/
856 4# - Електронен адрес и достъп
Електронен формат pdf - файл
Път до файла /url/
942 ## - АРТИКУЛИ
Вид на библиотечния материал Книги
Скрит в OPAC Не
944 ## - СЪЗДАВАНЕ И РЕДАКЦИЯ на ЗАПИСА
Създаване/Редакция Създаване
Дата на регистрацията/редакция 15.01.2003
Служител, извършил регистрацията/редакцията 30560
Статус, дата на статуса Геновева Генчева
944 ## - СЪЗДАВАНЕ И РЕДАКЦИЯ на ЗАПИСА
Създаване/Редакция Редакция
Дата на регистрацията/редакция 13.08.2015
Служител, извършил регистрацията/редакцията Симона_Петрова
999 ## - СИСТЕМНИ КОНТРОЛНИ НОМЕРА
Koha biblionumber 1528
Koha biblioitemnumber 1528
Наличности
Код за отписване Код за изгубен артикул Код за повреда Коз за рестрикции Код за отдаване Артикулен № Име на библиотеката - собственик Име на библиотеката, в която се намира в момента Статус (Текущо местоположение) Дата на вписване в системата Местоположение - отдел Цена в лева Инвентарен номер Систематично азбучна сигнатура Баркод Номер на екземпляра Цена в евро Служебна бележка Служебен тип на артикула Източник на класификационната схема
Изтеглен Не е изгубен Не е повреден без рестрикции заемане за дома 2968 Регионална библиотека "Любен Каравелов" Русе Регионална библиотека "Любен Каравелов" Русе Детски отдел 2001-01-01 Детски отдел 55.00 612008 ДН 73/76/Т 48 612008 1 28.12 Дост: Pk Вид: Ф N: стар фонд Дата: 01.01.1994 Дата инв: 02.10.2015 Бележки инв: Д2015 Книги  
  Не е изгубен Не е повреден без рестрикции ползва се в читалня 2969 Регионална библиотека "Любен Каравелов" Русе Регионална библиотека "Любен Каравелов" Русе Хранилище 1994-01-01 Хранилище 1.10 603489 Цб 179042 120000603489 2 0.56 Дост: Dp Вид: Д N: стар фонд Дата: 01.01.1994 Дата инв: 13.08.2015 Бележки инв: Цб2015 Книги Universal Decimal Classification
Vip Innovations Ltd, Rousse, Bulgaria 2025